Teoría y práctica de actuaciones judiciales en materia de concurso de acreedores y quiebras / (Record no. 128034)

MARC details
000 -LEADER
campo de control de longitud fija 00789nam a2200205 4500
001 - NÚMERO DE CONTROL
campo de control 128034
003 - IDENTIFICADOR DE NÚMERO DE CONTROL
campo de control ES-MaACL
005 - FECHA Y HORA DE LA ÚLTIMA TRANSACCIÓN
campo de control 20240522131802.0
007 - CAMPO FIJO DE DESCRIPCIÓN FÍSICA--INFORMACIÓN GENERAL
campo de control de longitud fija t|
008 - DATOS DE LONGITUD FIJA--INFORMACIÓN GENERAL
campo de control de longitud fija 070214m19531954sp r ||||1| spa d
100 1# - ENTRADA PRINCIPAL--NOMBRE DE PERSONA
Nombre de persona Rives y Martí, Francisco de P.
9 (RLIN) 97722
245 10 - MENCIÓN DEL TÍTULO
Título Teoría y práctica de actuaciones judiciales en materia de concurso de acreedores y quiebras /
Mención de responsabilidad, etc. por D. Francisco de P. Rives y Martí ; prólogo del Excmo. Sr. D. José María Manresa Navarro.
250 ## - MENCION DE EDICION
Mención de edición 3ª ed. corr. y adicionada
Resto de la mención de edición por José Saura Juan.
260 ## - PUBLICACIÓN, DISTRIBUCIÓN, ETC.
Lugar de publicación, distribución, etc. Madrid :
Nombre del editor, distribuidor, etc. Reus,
Fecha de publicación, distribución, etc. 1953-54.
300 ## - DESCRIPCIÓN FÍSICA
Extensión 2 t. ;
Dimensiones 23 cm.
700 1# - ENTRADA AGREGADA--NOMBRE PERSONAL
Nombre de persona Manresa y Navarro, José María,
Fechas asociadas al nombre 1818-1905
9 (RLIN) 76090
700 1# - ENTRADA AGREGADA--NOMBRE PERSONAL
Nombre de persona Saura Juan, José.
9 (RLIN) 104001
852 ## - LOCALIZACIÓN
Ubicación ES-MaACL
Número de control de estantería E-2373-4
Sublocalización o colección R.37074
Holdings
Estatus retirado Estado de pérdida Estado de daño No para préstamo Biblioteca de origen Biblioteca actual Ubicación en estantería Fecha de adquisición Fuente de adquisición Total de préstamos Signatura topográfica completa Código de barras Visto por última vez Precio de reemplazo Tipo de ítem Koha
        Biblioteca del Ateneo de Madrid Biblioteca del Ateneo de Madrid Depósito 2 17/01/2008     E-2373-4 1133349 23/02/2023 23/02/2023 Libro impreso